000 00437nam a2200181Ia 4500
001 21136
005 20260306172857.0
008 260306t2017||||xx |||||||||||||| ||spa||
041 _aESP
082 _a344
_bY13
100 _aYacobucci, Guillermo,
_eAUT
245 0 _aEl sentido de los principios penales
260 _c2017
300 _axx, 910 páginas :
_c23 cm.
650 _aGEN
654 _aCDE
942 _cLIB
_dJUS
_fJUS
_2ddc
_n
999 _c21136
_d21136